01292nam a2200217Ia 450000500170000000800410001702000180005805000250007608200230010110000320012424500860015625000170024226000590025930000180031850001570033650400330049350504750052665000170100165000270101865000290104520231102150725.0120622s ag a r 000 0 spa d a9789875171176 aBF905.M43 bF64 2008 2 a363.2565bF689s1 aFoglia, Pedro Joséeautor10aSignos de enfermedad en la escriturab : grafopatologíac / Pedro José Foglia a4a.edición3 aBuenos Aires, Argentinab : Ediciones La Roccac, 2008 a406 páginas aIncluye: índice analítico (pp.395-398) Incluye: índice de ilustraciones (pp.99-406) Incluye: índice de cuadros sinópticos especiales (p.407) 6Bibliografía (pp.391-394)  aRelación entre la escritura y las zonas corporales Vida y movimiento Salud y escritura Enfermedad y escritura Ocultamiento y temblores en la escritura Perturbaciones mentales Alcoholdependencia Drogadependencia (toxicodependencia) El cáncer y la escritura Síndrome de inmunodeficiencia adquirida (SIDA) La escritura del silencio Afecciones cardiacas y otras Investigación sobre anomalías odontológicas Anexo. conclusiones sobre indicadores grafopatológicos14aGRAFOLOGÍA24aESCRITURA xANÁLISIS34aINVESTIGACIÓN CRIMINAL